| 000 | 01114nam a2200289Ia 4500 | ||
|---|---|---|---|
| 003 | OSt | ||
| 005 | 20210602163448.0 | ||
| 008 | 210310s1973 sp 000 0 spa d | ||
| 020 | _a8403182406 | ||
| 040 |
_aCO-JMCR _cCO-JMCR |
||
| 041 | 0 | _aspa | |
| 082 | 0 | 4 |
_a336.73 / _bB918h _223 |
| 100 | 1 |
_aBuchanan, James McGill, _915205 _eautor |
|
| 245 | 1 | 3 |
_aLa hacienda pública en un proceso democrático / _cJames M. Buchanan ; traducción del inglés por José R. Álvarez Rendueles |
| 250 | _aPrimera edición | ||
| 260 |
_aMadrid : _bAguilar, _c1973 |
||
| 300 |
_axxxvi, 347 páginas ; _c21 cm. |
||
| 490 | 0 | _aBiblioteca de Ciencias Sociales. Economía | |
| 500 | _aIncluye notas a pie de página e índices de autores y de materias. | ||
| 505 | 0 | _aLos efectos de las instituciones sobre la elecciones fiscal -- La elección de las instituciones fiscales | |
| 650 | 1 | 4 |
_aHacienda pública _915736 _zEstados Unidos |
| 650 | 2 | 4 |
_aHacienda pública _938045 |
| 650 | 2 | 4 |
_aImpuestos _938046 |
| 650 | 2 | 4 |
_aBienes públicos _96455 |
| 700 | 1 |
_aÁlvarez Rendueles, José R., _etraductor _938047 |
|
| 942 |
_2ddc _cBK |
||
| 999 |
_c7889 _d7889 |
||